1129 1832 1107 1336 1637 1882 1051 1231 1214 1593 1329 1427 1829 1354 1709 1842 1623 1679 1149 1470 1470 1638 1742 1383 1202 1657 1396 1622 1204 1071 1227 1753 1586 1580 1447 1522 1402 1439 1027 1100 1799 1762 1843 1419 1361 1961 1402 1437 1145 1724 1067 1509 1404 1613 1770 1663 1471 1763 1809 1360 1671 1757 1034 1061 1211 1772 1030 1748 1228 1867 1074 1566 1954 1858 1510 1931 1538 1254 1882 1752 1101 1372 1803 1565 1480 1028 1961 1099 1924 1676 1173 1614 1294 1284 1184 1269 1559 1417 1761 BCNSPRNW ULIB Ver.6.0+V

เปลี่ยนเป็นภาษาไทย

Change to English
 แสดงรายละเอียดบรรณานุกรม
  กลับหน้าหลัก

Brief Record : Get Marc (ISO 2709) : E-mail record : QR code < ปิดหน้าต่าง
LEADER : 00000nam 2200000uu 4500
001    13399121403
003     ULIB
008    121116s2553||||th 000 0 tha d
020    ^a9786162040221
050  4 ^aQA76^bน418ร
100 0  ^aนันทนี แขวงโสภา
245 10 ^aรู้ลึก ใช้จริง สูตร และ ฟังก์ชัน Excel /^cนันทนี แขวงโสภา
250    ^aพิมพ์ครั้งที่ 1.
260    ^aกรุงเทพฯ :^bโปรวิชั่น,^c2553.
300    ^a384 หน้า :^bภาพประกอบ ;^c22 ซม.
650    ^aไมโครซอฟต์เอ็กเซล
945    ^p199^l0^i17783
995    ^aวิภา
999    ^aกัณชพร
รายการนี้ยังไม่มีแท็ก
คุณยังไม่ได้ล็อกอิน คุณสามารถมีกิจกรรมร่วมกับเว็บไซต์ได้ แต่ต้องล็อกอินก่อน ::
  ล็อกอิน

รายการสื่อสารสนเทศ

ลำดับที่ ประเภท เลขเรียก/บาร์โค้ด สถานที่ สถานะ
1. วิทยาศาสตร์การแพทย์ และสุขภาพ
วิทยาศาสตร์การแพทย์ และสุขภาพ
QA76 น418ร  
  Barcode: 17783
ห้องสมุดวิทยาเขตสวรรค์ประชารักษ์
►หนังสือทั่วไป
บนชั้น

รายการใกล้เคียง
    หัวเรื่อง [ไมโครซอฟต์เอ็กเซล]

BibComment


ยังไม่เคยถูกคอมเมนท์

คอมเมนท์ทรัพยากรรายการนี้
  คอมเมนท์: รู้ลึก ใช้จริง ส..


 Copyright 2026. Bcnsprnw @Library